Media/cultural studies (Record no. 5360)

MARC details
000 -CABECERA
campo de control de longitud fija 04357cam a22003134a 4500
001 - NÚMERO DE CONTROL
campo de control 991018507769704336
005 - FECHA Y HORA DE LA ÚLTIMA TRANSACCIÓN
campo de control 20260227112100.0
008 - DATOS DE LONGITUD FIJA--INFORMACIÓN GENERAL
campo de control de longitud fija 090109s2009 nyua b 000 0 eng
010 ## - NÚMERO DE CONTROL DE LA BIBLIOTECA DEL CONGRESO
Número de control de LC 2009000284
020 ## - NÚMERO INTERNACIONAL ESTÁNDAR DEL LIBRO
Número Internacional Estándar del Libro 9781433107016
020 ## - NÚMERO INTERNACIONAL ESTÁNDAR DEL LIBRO
Número Internacional Estándar del Libro 9780820495262 (pbk. : alk. paper)
035 ## - NÚMERO DE CONTROL DEL SISTEMA
Número de control de sistema (CaACU)2868192-01ucalg_inst
035 ## - NÚMERO DE CONTROL DEL SISTEMA
Número de control de sistema (OCoLC)40016733630
035 ## - NÚMERO DE CONTROL DEL SISTEMA
Número de control de sistema (OCoLC)298131201
040 ## - FUENTE DE LA CATALOGACIÓN
Centro catalogador/agencia de origen DLC
Centro/agencia transcriptor DLC
Centro/agencia modificador YDXCP
-- C#P
-- CDX
-- OCLCQ
-- UtOrBLW
050 00 - SIGNATURA TOPOGRÁFICA DE LA BIBLIOTECA DEL CONGRESO
Número de clasificación P94.6
Número de documento/Ítem .M425 2009
245 00 - MENCIÓN DE TÍTULO
Título Media/cultural studies
Resto del título : critical approaches
Mención de responsabilidad, etc. edited by Rhonda Hammer & Douglas Kellner.
246 3# - FORMA VARIANTE DE TÍTULO
Título propio/Titulo breve / Media cultural studies
260 ## - PUBLICACIÓN, DISTRIBUCIÓN, ETC.
Lugar de publicación, distribución, etc. New York :
Nombre del editor, distribuidor, etc. Peter Lang,
Fecha de publicación, distribución, etc. c2009.
300 ## - DESCRIPCIÓN FÍSICA
Extensión xlvii, 644 p. :
Otras características físicas ill. ;
Dimensiones 26 cm.
504 ## - NOTA DE BIBLIOGRAFÍA, ETC.
Nota de bibliografía, etc. Includes bibliographical references.
505 ## - NOTA DE CONTENIDO CON FORMATO
Nota de contenido con formato From Communications and Media Studies Through Cultural Studies: An Introduction and Overview — Toward a Critical Media/Cultural Studies — Cultural Studies: What’s in a Name? (One More Time) — Stuart Hall on Representation and Ideology — A Propaganda Model — How Producers “Theorize”: Shoot-outs, Bake-offs, and Speed-Dating — Cultural Studies, Critical Pedagogy, and the Politics of Higher Education — The Power of New Media Networks — Young Children and Critical Media Literacy — Teaching Popular Music — “This Won’t Be on the Final”: Reflections on Teaching Critical Media Literacy — As Seen on TV or Was That My Phone?: ‘New’ Media Literacy — Digital Tools for Collecting, Connecting, Constructing, Responding to, Creating, and Conducting Media Ethnographies of Audience Use of Media Texts — Children and the Media: Alternative Histories — Capital, Ray Kroc, and McDonald’s: The World’s Lovin’ It — Barbie: The Bitch Still Has Everything — The Spectacle of Reform: Vulture Culture, Youth, and Television — Gideon Who Will Be 25 in the Year 2012: Growing Up Gay Today — Advertising, Gender and Sex: What’s Wrong with a Little Objectification? — The Magical World of Daytime Soap Operas — Social Class and Entertainment Television: What’s So Real about Reality TV? — African American and Jewish Mothers/Wives on Television: Persistent Stereotypes — Successful, Single and “Othered”: The Media and the “Plight” of Single Black Women — The Rhetoric of Pleasure and Danger in Feminist Television Studies — Post-Feminism and Popular Culture: Bridget Jones and the New Gender Regime — Women in Traffic: L.A. Autobiography — “Waas Sappening?”: Narrative Structure and Iconography in Born in East L.A. Media — Model Minority/Honorable Eunuch: The Dual Image of Asian American Men in the Media and Everyday Perception — “Politics Is a Contact Sport”: Media, Sports Metaphors and Presidential Masculinity — The Uses of Disenchantment in New Media Pedagogy: Teaching for Remediation and Reconfiguration — Perfect Transmissions: Evil Bert Laden — “Doing Something That Matters”: Children’s Culture, Video Games, and the Politics of Representation — Critical Perspectives on Social Network Sites — YouTube, Politics, and Pedagogy: Some Critical Reflections.
520 ## - SUMARIO, ETC.
Sumario, etc. This anthology is designed to assist teachers and students in learning how to better understand and interpret our common culture and everyday life. With a focus on contemporary media, consumer, and digital culture, this book combines classic and original writings by both leading and rising scholars in the field. The chapters present key theories, concepts, and methodologies of critical cultural and media studies, as well as cutting-edge research into new media. Sections on teaching media/cultural studies and concrete case studies provide practical examples that illuminate contemporary culture, ranging from new forms of digital media and consumer culture to artifacts from TV and film, including Barbie and Big Macs, soap operas, Talk TV, Facebook, and YouTube. The lively articles show that media/cultural studies is an exciting and relevant arena, and this text should enable students and citizens to become informed readers and critics of their culture and society.
650 #0 - PUNTO DE ACCESO ADICIONAL DE MATERIA--TÉRMINO DE MATERIA
Término de materia o nombre geográfico como elemento de entrada Mass media and culture
Subdivisión general Study and teaching.
650 #0 - PUNTO DE ACCESO ADICIONAL DE MATERIA--TÉRMINO DE MATERIA
Término de materia o nombre geográfico como elemento de entrada Popular culture
Subdivisión general Study and teaching.
700 ## - ENTRADA AGREGADA--NOMBRE PERSONAL
Nombre de persona Hammer, Rhonda
9 (RLIN) 26736
700 ## - ENTRADA AGREGADA--NOMBRE PERSONAL
Nombre de persona Kellner, Douglas
Fechas asociadas al nombre 1943-
942 ## - ELEMENTOS DE ENTRADA AGREGADA (KOHA)
Fuente del sistema de clasificación o colocación Clasificación de Library of Congress
Holdings
Estado de retiro Estado de pérdida Fuente del sistema de clasificación o colocación Estado dañado No para préstamo Biblioteca de origen Biblioteca actual Fecha de adquisición Total de préstamos Signatura topográfica completa Fecha visto por última vez Número de copia Precio válido a partir de Tipo de ítem Koha Nota pública
    Clasificación de Library of Congress     TBS Barcelona TBS Barcelona 27/02/2026   P 94.6 MED 27/02/2026 1 27/02/2026 Book SOON AVAILABLE

Powered by Koha